| 000 | 01770cam a22004814i 4500 | ||
|---|---|---|---|
| 003 | PE-LiUPU | ||
| 005 | 20250731172739.0 | ||
| 008 | 150617s r 000 0 d | ||
| 035 | _a(Sirsi) a11914 | ||
| 040 |
_aPE-LiUPU _bspa _cPE-LiUPU _erda |
||
| 049 | _aPRUA | ||
| 082 | 0 | 4 |
_a230.08 _bC74 _221 |
| 100 | 1 |
_aCongar, Yves M. J., _eautor. |
|
| 245 | 1 | 3 |
_aLa tradición y las tradiciones : _bensayo histórico / _cYves M. J. Congar. |
| 264 | 1 |
_aSan Sebastián : _bEdiciones Dinor, _c1964. |
|
| 300 |
_a389 páginas ; _c19 cm. |
||
| 336 |
_atext _2rdacontent |
||
| 337 |
_aunmediated _2rdamedia |
||
| 338 |
_avolume _2rdacarrier |
||
| 490 | 0 |
_aColección Prisma ; _v1 |
|
| 504 | _aIncluye bibliografía. | ||
| 505 | 0 | _aEl hecho de la tradición en el antiguo y nuevo testamento -- Los padres y la iglesia antigua -- La edad media -- La protesta de la reforma -- Concilio de Trento y teología post-tridentina -- Tradición y magisterio desde el concilio de Trento a 1950. | |
| 526 | _aSEG42 | ||
| 526 | _aSEG41 | ||
| 526 | _aSEG40 | ||
| 526 | _aSEG39 | ||
| 526 | _aP94 | ||
| 526 | _aP87 | ||
| 526 | _aP86 | ||
| 526 | _aP85 | ||
| 526 | _aP77 | ||
| 526 | _aP76 | ||
| 526 | _aP35 | ||
| 650 | 0 | 4 |
_aMitología. _93296 |
| 650 | 0 | 4 | _aTradición (Cristianismo). |
| 910 |
_ajck _bjvq _cjck _d20150616 |
||
| 942 |
_2ddc _cBOOK |
||
| 949 |
_a230.08 C74 _wDEWEY _c1 _i11175 _lCCODEBUL1 _mBUL _p00.00 _r0 _sY _tBOOK _u19760525 _xTEOLOGIA _PP35 _0COMPRA _o.STAFF. Colección general |
||
| 994 |
_aC0 _bPEPRU |
||
| 596 | _a1 | ||
| 999 |
_a230.08 C74 _wDEWEY _c2114 _i11175 _f2021-11-11 _g6 _lCCODEBUL1 _mBUL _r0 _sY _tBOOK _u2015-6-17 _xTEOLOGIA _PP35 _0COMPRA _o.STAFF. Colección general _d2114 |
||
| 980 |
_81 _gALBERTO SANCHEZ Responsable de Automatización |
||